A-Z European Non-Capital Cities by Picture Quiz Stats

 Plays Quiz Updated Jan 25, 2016

Challenge
Share
Tweet
Score 0/24 Timer 08:00
3 Plays Today
% Correct
Barcelona
82.7%
Venice (Venezia)
79.1%
Frankfurt
67.7%
Cologne (Köln)
64.3%
Antwerp
63%
Istanbul
62.1%
Edinburgh
60.3%
Dubrovnik
59.5%
Naples (Napoli)
56.2%
Zürich
54.1%
Manchester
52%
Kraków
46.8%
% Correct
Hamburg
46.7%
Utrecht
41.4%
Rotterdam
41.2%
Lyon
30.8%
Salzburg
28.1%
Gothenburg (Göteborg)
27.4%
Odessa
20.1%
Wrocław
19.6%
Palermo
15.8%
Yalta
14.2%
Trondheim
9.8%
Jaén
8.1%

You're not logged in!

Compare scores with friends on all Sporcle quizzes.
Join for Free
OR
Log In

You Might Also Like...

Show Comments

Extras

Top Quizzes Today


Score Distribution

Your Account Isn't Verified!

In order to create a playlist on Sporcle, you need to verify the email address you used during registration. Go to your Sporcle Settings to finish the process.

Report this User

Report this user for behavior that violates our Community Guidelines.

Details: